Nhà của Mỉ : Tập truyện ngắn

Gespeichert in:
Bibliographische Detailangaben
1. Verfasser: Phong Nguyên
Format: Buch
Sprache:Undetermined
Veröffentlicht: Hà Nội Hội nhà văn 2020
Schlagworte:
Tags: Tag hinzufügen
Keine Tags, Fügen Sie den ersten Tag hinzu!
Thư viện lưu trữ: Trung tâm Học liệu Trường Đại học Cần Thơ
LEADER 00559nam a2200193Ia 4500
001 CTU_239643
008 210402s9999 xx 000 0 und d
082 |a 895.9223008 
082 |b Ph431 
100 |a Phong Nguyên 
245 0 |a Nhà của Mỉ : 
245 0 |b Tập truyện ngắn 
245 0 |c Phong Nguyên 
260 |a Hà Nội 
260 |b Hội nhà văn 
260 |c 2020 
650 |a Truyện ngắn Việt Nam,Short stories, Vietnamese 
910 |b nthai 
980 |a Trung tâm Học liệu Trường Đại học Cần Thơ